[Event "The 2008 Scotland the Brave Stromash"]
[Site "SchemingMind.com"]
[Date "2008.04.04"]
[Round "-"]
[White "SLAINTIE MHATH"]
[Black "Swalastova"]
[Result "0-1"]
[WhiteCountry "POL"]
[BlackCountry "SCO"]
[WhiteElo "1468"]
[WhiteRD "70"]
[BlackElo "1652"]
[BlackRD "83"]
[GameID "148206"]

1. Nf3 d5 2. g3 Nf6 3. d4 Bf5 4. Nc3 c6 5. Bg5 h6 6. Bxf6 exf6 7. a3 Be7 8. Bg2 Nd7 9. O-O O-O 10. e3 Re8
11. Ne2 b5 12. b4 a5 13. c3 axb4 14. cxb4 Nb6 15. Nd2 Nc4 16. Nxc4 bxc4 17. f3 Bd3
0-1

[Event "The 2008 Scotland the Brave Stromash"]
[Site "SchemingMind.com"]
[Date "2008.04.04"]
[Round "-"]
[White "Swalastova"]
[Black "SLAINTIE MHATH"]
[Result "1-0"]
[WhiteCountry "SCO"]
[BlackCountry "POL"]
[WhiteElo "1652"]
[WhiteRD "83"]
[BlackElo "1468"]
[BlackRD "70"]
[GameID "148207"]

1. e4 e5 2. Nf3 Nf6 3. Nxe5 d6 4. Nf3 Nxe4 5. d4 Bg4 6. Be2 Be7 7. O-O h5 8. Nfd2 Nxd2 9. Nxd2 f5 10. f3 Bf6
11. fxg4 hxg4 12. Rxf5 Bxd4+ 13. Kh1 Nd7 14. Bxg4 Qe7 15. Rh5 O-O-O 16. Bxd7+ Qxd7 17. Rxh8
1-0

[Event "The 2008 Scotland the Brave Stromash"]
[Site "SchemingMind.com"]
[Date "2008.03.30"]
[Round "-"]
[White "tiggeronvrb"]
[Black "SLAINTIE MHATH"]
[Result "0-1"]
[WhiteCountry "SCO"]
[BlackCountry "POL"]
[WhiteElo "1771"]
[WhiteRD "55"]
[BlackElo "1608"]
[BlackRD "49"]
[GameID "148231"]

1. e4 d6 2. d4 Nf6 3. Nc3 Bg4 4. Nf3 a6 5. Bd3 Nc6 6. Be3 e6 7. O-O h6 8. h3 Bh5 9. g4 Nxg4 10. hxg4 Bxg4
11. Kg2 h5 12. Rg1 Qf6 13. Be2 Bxf3+ 14. Bxf3 g5 15. Kf1 g4 16. Be2 Bh6 17. Bxh6 Rxh6 18. d5 Ne5 19. Qd4 Rg6 20. dxe6 fxe6
21. Ke1 Nf3+
0-1

[Event "The 2008 Scotland the Brave Stromash"]
[Site "SchemingMind.com"]
[Date "2008.04.04"]
[Round "-"]
[White "tiggeronvrb"]
[Black "Swalastova"]
[Result "1-0"]
[WhiteCountry "SCO"]
[BlackCountry "SCO"]
[WhiteElo "1843"]
[WhiteRD "63"]
[BlackElo "1637"]
[BlackRD "84"]
[GameID "148232"]

1. e4 c5 2. d4 cxd4 3. c3 Nf6 4. e5 Nd5 5. cxd4 e6 6. Bd3 Nc6 7. Nf3 Qb6 8. O-O d6 9. Nc3 Nxc3 10. bxc3 dxe5
11. dxe5 Bd7 12. Be3 Qc7 13. Bf4 f5 14. Qe2 a6 15. Rfd1 Be7 16. Rac1 O-O 17. Nd4 Nxd4 18. cxd4 Qb6 19. Bc4 Rac8 20. Rb1 Qa7
21. Be3 Qa8 22. d5 Ba4 23. d6 Bxd1 24. Bxe6+ Kh8 25. Qxd1 Rcd8 26. Qf3 Bxd6 27. exd6 Rxd6 28. Bd5 Qd8 29. Bxb7 Rf7 30. Bxa6 Rxa6
31. Ra1 Rd6 32. g3 Rfd7 33. Qxf5 Rd1+ 34. Rxd1 Rxd1+ 35. Kg2 h6 36. Qc2 Qa8+ 37. Kh3 Ra1 38. Qc3 Rxa2 39. Bxh6 Qf8 40. Be3 Qf5+
41. Kg2 Kh7 42. Qc6 Ra5 43. Qf3 Qxf3+ 44. Kxf3 Rf5+ 45. Kg4 g6 46. h4 Rb5 47. Kf3 Kg7 48. Kg4 Rf5 49. f3 Kh7 50. Bg5 Kg7
51. h5 Rd5 52. hxg6 Kxg6 53. f4 Rxg5+ 54. fxg5 Kg7 55. Kf5 Kf7 56. g6+ Kg7 57. g4 Kh8 58. Kf6 Kg8 59. g7 Kh7 60. Kf7 Kh6
61. g8=R Kh7 62. Rg5
1-0

[Event "The 2008 Scotland the Brave Stromash"]
[Site "SchemingMind.com"]
[Date "2008.03.30"]
[Round "-"]
[White "SLAINTIE MHATH"]
[Black "tiggeronvrb"]
[Result "0-1"]
[WhiteCountry "POL"]
[BlackCountry "SCO"]
[WhiteElo "1608"]
[WhiteRD "49"]
[BlackElo "1771"]
[BlackRD "55"]
[GameID "148233"]

1. Nf3 Nf6 2. g3 d5 3. Bg2 g6 4. b3 Bg7 5. Bb2 O-O 6. O-O c5 7. d3 Nc6 8. e3 Bg4 9. Nbd2 Qc7 10. h3 Bd7
11. a3 e5 12. Nh2 Rad8 13. Ndf3 e4 14. dxe4 dxe4 15. Ng5 Bxh3 16. Qe2 Bxg2 17. Kxg2 h6 18. Nh3 Ne5 19. Rad1 Kh7 20. f4 exf3+
21. Nxf3 Neg4 22. e4 Nh5 23. e5 Rde8 24. Rd5 f6 25. Rfd1 fxe5 26. Bxe5 Nxe5 27. Nxe5 Rxe5 28. Qxe5 Bxe5 29. Rd7+ Rf7 30. Rxc7 Rxc7
31. Nf2 Bxg3 32. Ne4 Be5 33. Re1 Bg7 34. c4 b6 35. Kf3 Rf7+ 36. Ke3 Bd4+ 37. Kd2 Nf6 38. Nd6 Rd7 39. Nc8 Bf2+ 40. Ke2 Bxe1
41. Kxe1 Ne8 42. Ke2 Rc7 43. Nxa7 Rxa7 44. Kd2 Rxa3 45. Kc3 h5
0-1

[Event "The 2008 Scotland the Brave Stromash"]
[Site "SchemingMind.com"]
[Date "2008.04.04"]
[Round "-"]
[White "Swalastova"]
[Black "tiggeronvrb"]
[Result "1-0"]
[WhiteCountry "SCO"]
[BlackCountry "SCO"]
[WhiteElo "1666"]
[WhiteRD "85"]
[BlackElo "1802"]
[BlackRD "69"]
[GameID "148234"]

1. e4 c6 2. d4 d5 3. Nc3 dxe4 4. Nxe4 Bf5 5. Ng3 Bg6 6. h4 h6 7. Nf3 Nd7 8. h5 Bh7 9. Bd3 Bxd3 10. Qxd3 Ngf6
11. Bd2 Qc7 12. O-O-O e6 13. Kb1 Bd6 14. Ne4 Nxe4 15. Qxe4 Nf6 16. Qe2 O-O 17. c3 b5 18. Ne5 a5 19. g4 Nh7 20. f4 b4
21. cxb4 axb4 22. b3 Ra7 23. Be3 Ra3 24. Bc1 Ra5 25. g5 Rfa8 26. Rd2 hxg5 27. fxg5 Bxe5 28. dxe5 Rxe5 29. Qg4 Rxg5 30. Qxb4 Rb5
31. Qc3 e5 32. Rg2 f6 33. Rhg1 Rba5 34. Rxg7+ Qxg7 35. Rxg7+ Kxg7 36. a4 c5 37. Be3 R5a7 38. Qxc5 Nf8 39. Qc6 Ra6 40. Qb7+ Kg8
41. h6 Ne6 42. h7+ Kh8 43. Qe4 Nf8 44. Qb7 Nxh7 45. Bh6 R6a7 46. Bg7+ Kg8 47. Qg2 Kf7 48. Bh6 Ke6 49. Be3 Ra6 50. Qh3+ Kd5
51. Qxh7
1-0

[Event "The 2008 Scotland the Brave Stromash"]
[Site "SchemingMind.com"]
[Date "2008.03.31"]
[Round "-"]
[White "manteca"]
[Black "tiggeronvrb"]
[Result "0-1"]
[WhiteCountry "MEX"]
[BlackCountry "SCO"]
[WhiteElo "1433"]
[WhiteRD "87"]
[BlackElo "1765"]
[BlackRD "59"]
[GameID "148235"]

1. e4 c5 2. Bc4 e6 3. Nf3 d5 4. exd5 exd5 5. Bb5+ Nc6 6. Ne5 Qb6 7. Qe2 Be6 8. Nc3 Nf6 9. Nf3 Bd6 10. d3 h6
11. Ba4 O-O 12. O-O Rfe8 13. Re1 Qc7 14. Nb5 Qb8 15. Nxd6 Qxd6 16. Bd2 Bg4 17. Qd1 a6 18. Bxc6 bxc6 19. b3 Rxe1+ 20. Bxe1 Re8
21. c4 d4 22. Rc1 Nd7 23. h3 Bh5 24. g4 Bg6 25. Bd2 Bxd3 26. Ne1 Be2 27. Qc2 d3 28. Qb2 Qg6 29. Rc3 Ne5 30. Be3 f5
31. Bf4 fxg4 32. hxg4 Qxg4+ 33. Bg3 h5 34. Qd2 h4 35. Qf4 hxg3 36. Qxg4 gxf2+ 37. Kxf2 Nxg4+
0-1

[Event "The 2008 Scotland the Brave Stromash"]
[Site "SchemingMind.com"]
[Date "2008.03.31"]
[Round "-"]
[White "manteca"]
[Black "SLAINTIE MHATH"]
[Result "1-0"]
[WhiteCountry "MEX"]
[BlackCountry "POL"]
[WhiteElo "1584"]
[WhiteRD "87"]
[BlackElo "1484"]
[BlackRD "64"]
[GameID "148236"]

1. e4 d6 2. Nf3 Bg4 3. Be2 h6 4. h3 Bh5 5. Nc3 c6 6. d4 Qa5 7. Bd2 Qb6 8. O-O Bxf3 9. Bxf3 Qxd4 10. Be3 Qxd1
11. Raxd1 e5 12. b4 a6 13. Bb6 Nd7 14. Be3 Ne7 15. Bg4 Nf6 16. Bf3 g5 17. Be2 Ng6 18. a4 Nf4 19. Bc4 b5 20. Bb3 Rd8
21. axb5 axb5 22. Ra1 d5 23. Bxf4 gxf4 24. f3 Bxb4 25. Na2 Bc5+ 26. Kh1 Nh5 27. Rfd1 d4 28. Nc1 O-O 29. Nd3 Bd6 30. Kh2 c5
31. Bd5 c4 32. Nf2 Ng3 33. Ng4 Kg7 34. Rdb1 Rb8 35. Ra5 d3 36. cxd3 c3 37. Rc1 Ne2 38. Rc2 Rfc8 39. Ra1 Nd4 40. Ra7 Nxc2
41. Rxf7+ Kh8 42. Ra7 Rc7 43. Ra6 Bf8 44. Nxe5 Nb4 45. Ng6+ Kg7 46. Re6
1-0

[Event "The 2008 Scotland the Brave Stromash"]
[Site "SchemingMind.com"]
[Date "2008.04.04"]
[Round "-"]
[White "manteca"]
[Black "Swalastova"]
[Result "1-0"]
[WhiteCountry "MEX"]
[BlackCountry "SCO"]
[WhiteElo "1506"]
[WhiteRD "94"]
[BlackElo "1595"]
[BlackRD "86"]
[GameID "148237"]

1. e4 c5 2. Bc4 e6 3. Nf3 d5 4. exd5 exd5 5. Bb5+ Bd7 6. Bxd7+ Nxd7 7. d4 Qe7+ 8. Be3 g6 9. O-O cxd4 10. Bxd4 O-O-O
11. Bxh8 Ndf6 12. Nc3 Qb4 13. Rb1 Be7 14. Qd4 Qxd4 15. Nxd4 Bd6 16. Ndb5 a6 17. Nxd6+ Rxd6 18. Rbd1 Ne7 19. Bxf6 Rxf6 20. Nxd5 Nxd5
21. Rxd5 Re6 22. Rfd1 Kb8 23. g3 Re2 24. R1d2
1-0

[Event "The 2008 Scotland the Brave Stromash"]
[Site "SchemingMind.com"]
[Date "2008.03.30"]
[Round "-"]
[White "tiggeronvrb"]
[Black "manteca"]
[Result "1-0"]
[WhiteCountry "SCO"]
[BlackCountry "MEX"]
[WhiteElo "1765"]
[WhiteRD "59"]
[BlackElo "1433"]
[BlackRD "87"]
[GameID "148238"]

1. e4 c5 2. d4 cxd4 3. c3 dxc3 4. Nxc3 e6 5. Bc4 Bc5 6. Nf3 Nc6 7. O-O h6 8. Bf4 Qf6 9. Bg3 Nge7 10. Rc1 O-O
11. Bd3 Nd4 12. e5 Nxf3+ 13. gxf3 Qg5 14. f4 Qxg3+ 15. hxg3 a6 16. Ne4 Ba7 17. Nd6 b5 18. Qf3 Rb8 19. Qe4 Ng6 20. g4 Bb6
21. f5 Nh4 22. fxe6 f5 23. gxf5 Nxf5 24. Nxf5 Rxf5 25. Qxf5 dxe6 26. Qh7+ Kf8 27. Qh8+
1-0

[Event "The 2008 Scotland the Brave Stromash"]
[Site "SchemingMind.com"]
[Date "2008.03.30"]
[Round "-"]
[White "SLAINTIE MHATH"]
[Black "manteca"]
[Result "0-1"]
[WhiteCountry "POL"]
[BlackCountry "MEX"]
[WhiteElo "1589"]
[WhiteRD "54"]
[BlackElo "1463"]
[BlackRD "91"]
[GameID "148239"]

1. Nf3 d6 2. g3 e5 3. d3 Be7 4. Bg2 Nc6 5. a3 Nf6 6. h3 h6 7. d4 e4 8. Nfd2 d5 9. e3 Qd6 10. c4 b6
11. O-O O-O 12. b4 Be6 13. c5 bxc5 14. bxc5 Qd7 15. Kh2 Nh7 16. f4 exf3 17. Rxf3 Ng5 18. g4 Nxf3+ 19. Qxf3 Bg5 20. Nc3 f5
21. Nxd5 fxg4 22. Qe4 gxh3 23. Nf4 Bxf4+ 24. exf4 hxg2 25. Qxg2 Rxf4 26. Nf3 Rf5 27. Nh4 Rh5 28. Qg3 Nxd4 29. Rb1 Ne2 30. Qf2 Nxc1
31. Rxc1 Rxh4+ 32. Qxh4 Qd2+ 33. Kg3 Qxc1 34. Qe7 Qg5+
0-1

[Event "The 2008 Scotland the Brave Stromash"]
[Site "SchemingMind.com"]
[Date "2008.04.04"]
[Round "-"]
[White "Swalastova"]
[Black "manteca"]
[Result "1-0"]
[WhiteCountry "SCO"]
[BlackCountry "MEX"]
[WhiteElo "1652"]
[WhiteRD "83"]
[BlackElo "1538"]
[BlackRD "87"]
[GameID "148240"]

1. e4 c5 2. Nf3 Nc6 3. Bb5 Qb6 4. Nc3 a6 5. Bxc6 Qxc6 6. d4 e6 7. O-O Be7 8. d5 exd5 9. Nxd5 Bf6 10. Re1 d6
11. Nxf6+ Nxf6 12. e5 Nd5 13. exd6+ Be6 14. h3 Qxd6 15. c4 O-O 16. cxd5 Bd7 17. b3 b5 18. Ba3 b4 19. Bb2 Rad8 20. Be5 Qg6
21. Kh1 Bc8 22. Rc1 Qb6 23. Bf4 Bb7 24. d6 f6 25. Re3 Qc6 26. Ne1 Qd7 27. Rxc5 Bc6 28. Nc2 Qb7 29. Rg3 Rfe8 30. Bh6 Rd7
31. Qh5 g6 32. Rxg6+ hxg6 33. Qxg6+ Kh8 34. Rh5 Rh7 35. Qxf6+ Qg7 36. Bxg7+ Kg8 37. Rxh7 Kxh7 38. d7 Bxd7 39. Bh6
1-0

[Event "The 2008 Scotland the Brave Stromash"]
[Site "SchemingMind.com"]
[Date "2008.03.30"]
[Round "-"]
[White "keen"]
[Black "tiggeronvrb"]
[Result "1-0"]
[WhiteCountry "SCO"]
[BlackCountry "SCO"]
[WhiteElo "1755"]
[WhiteRD "60"]
[BlackElo "1771"]
[BlackRD "55"]
[GameID "148250"]

1. d4 d5 2. e3 Nf6 3. Bd3 e6 4. Nd2 c5 5. c3 Nc6 6. f4 Bd6 7. Ngf3 O-O 8. Ne5 Bd7 9. O-O Rc8 10. g4 h6
11. Qf3 Nh7 12. g5 Bxe5 13. Bxh7+ Kxh7 14. fxe5 Qxg5+ 15. Kh1 f5 16. Rg1 Qh4 17. Qg2 Rg8 18. Nf3 Qe7 19. Qg6+ Kh8 20. Ng5
1-0

[Event "The 2008 Scotland the Brave Stromash"]
[Site "SchemingMind.com"]
[Date "2008.03.30"]
[Round "-"]
[White "keen"]
[Black "manteca"]
[Result "1-0"]
[WhiteCountry "SCO"]
[BlackCountry "MEX"]
[WhiteElo "1820"]
[WhiteRD "54"]
[BlackElo "1433"]
[BlackRD "87"]
[GameID "148251"]

1. d4 d5 2. e3 e6 3. Bd3 Nf6 4. Nd2 Be7 5. f4 Nc6 6. Ngf3 Bd7 7. Ne5 a6 8. O-O Nb4 9. Be2 O-O 10. c3 Nc6
11. Bd3 Nb8 12. g4 Bb5 13. c4 dxc4 14. Ndxc4 Kh8 15. g5 Nd5 16. Qh5 g6 17. Qh6 Qe8 18. Rf3 Rg8 19. Rh3 Rg7 20. Ng4 Nd7
21. a4 Bc6 22. Bd2 N7b6 23. Nce5 Bd7 24. Rf1 Bxa4 25. Nxg6+ fxg6 26. Ne5 Bb5 27. Bxg6 Qg8 28. Nf7+ Rxf7 29. Bxf7 Qg7 30. g6 Nf6
31. Rff3 Qxh6 32. Rxh6 Be8 33. Bxe8 Rxe8 34. Rfh3 Rg8 35. Kf1 Nbd7 36. Rxh7+
1-0

[Event "The 2008 Scotland the Brave Stromash"]
[Site "SchemingMind.com"]
[Date "2008.03.30"]
[Round "-"]
[White "keen"]
[Black "SLAINTIE MHATH"]
[Result "1-0"]
[WhiteCountry "SCO"]
[BlackCountry "POL"]
[WhiteElo "1820"]
[WhiteRD "54"]
[BlackElo "1655"]
[BlackRD "50"]
[GameID "148252"]

1. d4 g6 2. c4 Bg7 3. Nc3 Nc6 4. Nf3 d6 5. e4 Bg4 6. Be2 h6 7. Be3 e6 8. O-O a6 9. h3 Bxf3 10. Bxf3 Nge7
11. Qd2 O-O 12. Bxh6 Nxd4 13. Bxg7 Nxf3+ 14. gxf3 Kxg7 15. Kh2 Rh8 16. Qg5 Rh5 17. Qg4 Qd7 18. Rg1 Rah8 19. Rg3 f5 20. exf5 exf5
21. Qd4+ Kf7 22. Rag1 f4 23. Qxf4+ Ke8 24. Qg4 Qxg4 25. fxg4 Rh4 26. Re1 c6 27. Re6 Kd7 28. Ree3 d5 29. Rd3 Kd6 30. Rge3 g5
31. Kg2 b5 32. cxb5 axb5 33. Ne4+ Kc7 34. Nxg5 Ng6 35. Kg3 Kb6 36. Re6 Nf8 37. Re8 Nd7 38. Rxh8 Rxh8 39. Ne6 Nf6 40. f3 Re8
41. Nd4 Re2 42. Nxe2 c5 43. Nc3 d4 44. Ne2 b4 45. h4 Kc6 46. Nxd4+ cxd4 47. Rxd4 Kc5 48. Rd8 Kc4 49. h5 Nd5 50. Rxd5 b3
51. Ra5 bxa2 52. Rxa2
1-0

[Event "The 2008 Scotland the Brave Stromash"]
[Site "SchemingMind.com"]
[Date "2008.04.04"]
[Round "-"]
[White "keen"]
[Black "Swalastova"]
[Result "1-0"]
[WhiteCountry "SCO"]
[BlackCountry "SCO"]
[WhiteElo "1771"]
[WhiteRD "55"]
[BlackElo "1639"]
[BlackRD "91"]
[GameID "148253"]

1. d4 Nf6 2. e3 g6 3. Bd3 d5 4. Nd2 Nc6 5. f4 e6 6. c3 Bg7 7. Ngf3 O-O 8. O-O Bd7 9. Ne5 Ne8 10. Ndf3 Nxe5
11. fxe5 a6 12. h4 h5 13. Ng5 Bb5 14. Bxb5 axb5 15. e4 dxe4 16. Nxe4 b6 17. Bg5 f6 18. exf6 Nxf6 19. Qb3 Qd5 20. Nxf6+ Bxf6
21. Qxd5 exd5 22. Bxf6 c5 23. a3 b4 24. dxc5 bxc5 25. cxb4 Ra6 26. Be7 Rxf1+ 27. Rxf1 Ra7 28. Bxc5 Rf7 29. Rxf7 Kxf7 30. Kf2
1-0

[Event "The 2008 Scotland the Brave Stromash"]
[Site "SchemingMind.com"]
[Date "2008.03.30"]
[Round "-"]
[White "tiggeronvrb"]
[Black "keen"]
[Result "1-0"]
[WhiteCountry "SCO"]
[BlackCountry "SCO"]
[WhiteElo "1771"]
[WhiteRD "55"]
[BlackElo "1755"]
[BlackRD "60"]
[GameID "148254"]

1. e4 c5 2. d4 cxd4 3. c3 dxc3 4. Nxc3 Nc6 5. Bc4 e6 6. Nf3 Bb4 7. O-O Nf6 8. e5 Ng4 9. Qe2 Qc7 10. Bf4 Na5
11. Nb5 Qb6 12. Rac1 O-O 13. a3 Be7 14. Bd3 Nc6 15. h3 a6 16. Nc3 Nh6 17. Bxh6 gxh6 18. Qe4 f5 19. exf6 Rxf6 20. Qxh7+ Kf8
21. Ne4 Qxb2 22. Nxf6 Qxf6 23. Rc4 Ke8 24. Qg6+ Qxg6 25. Bxg6+ Kd8 26. a4 d5 27. Rcc1 Bd7 28. Rfe1 Bd6 29. g4 Bf4 30. Rb1 Kc7
31. Bf7 Nd8 32. Bg8 Kd6 33. Nd4 e5 34. Ne2 Bd2 35. Red1
1-0

[Event "The 2008 Scotland the Brave Stromash"]
[Site "SchemingMind.com"]
[Date "2008.03.31"]
[Round "-"]
[White "manteca"]
[Black "keen"]
[Result "1-0"]
[WhiteCountry "MEX"]
[BlackCountry "SCO"]
[WhiteElo "1433"]
[WhiteRD "87"]
[BlackElo "1820"]
[BlackRD "54"]
[GameID "148255"]

1. e4 c5 2. Bc4 e6 3. Nf3 Nc6 4. Nc3 g6 5. d3 Bg7 6. Be3 b6 7. Qd2 Nf6 8. O-O O-O 9. Bh6 Na5 10. a3 Nxc4
11. dxc4 Bb7 12. Bxg7 Kxg7 13. Rfe1 a6 14. Qd3 Qc7 15. h3 Rad8 16. Rad1 d5 17. exd5 exd5 18. cxd5 Nxd5 19. Nxd5 Bxd5 20. Qc3+ Kg8
21. Ne5 Qb7 22. Ng4 h5 23. Nf6+ Kh8 24. Nxd5+ Kh7 25. Nf6+ Kh6 26. Rxd8 Rxd8 27. Qe3+ Kg7 28. Nxh5+ gxh5 29. Qg5+
1-0

[Event "The 2008 Scotland the Brave Stromash"]
[Site "SchemingMind.com"]
[Date "2008.03.31"]
[Round "-"]
[White "SLAINTIE MHATH"]
[Black "keen"]
[Result "0-1"]
[WhiteCountry "POL"]
[BlackCountry "SCO"]
[WhiteElo "1608"]
[WhiteRD "49"]
[BlackElo "1755"]
[BlackRD "60"]
[GameID "148256"]

1. Nf3 Nf6 2. g3 g6 3. b4 Bg7 4. Bb2 O-O 5. Bg2 c6 6. a3 d5 7. d3 Nbd7 8. Bh3 Re8 9. Nbd2 e5 10. e4 h6
11. Bxd7 Bxd7 12. Nxe5 Nxe4 13. f4 Nd6 14. c4 Bf5 15. Qc2 f6 16. O-O-O fxe5 17. c5 Nb5 18. Nf3 e4 19. Bxg7 exf3 20. Bxh6 Qf6
21. Bg5 Qa1+ 22. Kd2 Re2#
0-1

[Event "The 2008 Scotland the Brave Stromash"]
[Site "SchemingMind.com"]
[Date "2008.04.04"]
[Round "-"]
[White "Swalastova"]
[Black "keen"]
[Result "0-1"]
[WhiteCountry "SCO"]
[BlackCountry "SCO"]
[WhiteElo "1595"]
[WhiteRD "86"]
[BlackElo "1778"]
[BlackRD "57"]
[GameID "148257"]

1. e4 c5 2. Nf3 d6 3. d4 cxd4 4. Nxd4 Nf6 5. Nc3 Nc6 6. Be2 g6 7. Be3 Bg7 8. Qd2 O-O 9. f3 Bd7 10. O-O-O a6
11. h4 Rc8 12. Nb3 b5 13. g4 Ne5 14. h5 Nc4 15. Bxc4 Rxc4 16. Bd4 b4 17. Nd5 a5 18. Nxf6+ exf6 19. Be3 Qc7 20. hxg6 fxg6
21. Bh6 Ba4 22. Bxg7 Qxg7 23. Qxd6 Rfc8 24. Rd2 Qf7 25. Rhh2 Bxb3 26. axb3 R4c6 27. Qg3 Qxb3 28. g5 Qe3 29. Re2 Rxc2+
0-1

[Event "The 2008 Scotland the Brave Stromash"]
[Site "SchemingMind.com"]
[Date "2008.03.30"]
[Round "-"]
[White "opageo"]
[Black "keen"]
[Result "0-1"]
[WhiteCountry "SCO"]
[BlackCountry "SCO"]
[WhiteElo "2030"]
[WhiteRD "107"]
[BlackElo "1755"]
[BlackRD "60"]
[GameID "148275"]

1. d4 d5 2. Bg5 Nf6 3. Bxf6 gxf6 4. e3 e5 5. Nf3 Bg4 6. Nbd2 Nc6 7. h3 Bh5 8. Bb5 Qd6 9. c4 O-O-O 10. cxd5 Qxd5
11. Qa4 exd4 12. Bxc6 bxc6 13. Nxd4 Qxg2 14. Rf1 Bc5 15. N2b3 Bxd4 16. Nxd4 Rhe8 17. Qxa7 Qe4 18. Qa6+ Kd7 19. Rc1 Bf3 20. Nxc6 Re6
21. Qc4 Rxc6 22. Qxe4 Bxe4 23. Ke2 Rxc1 24. Rxc1 Ra8 25. a3 Rb8 26. b4 Ra8 27. Rc3 Bf5 28. h4 Kd6
0-1

[Event "The 2008 Scotland the Brave Stromash"]
[Site "SchemingMind.com"]
[Date "2008.03.30"]
[Round "-"]
[White "opageo"]
[Black "tiggeronvrb"]
[Result "1-0"]
[WhiteCountry "SCO"]
[BlackCountry "SCO"]
[WhiteElo "2120"]
[WhiteRD "97"]
[BlackElo "1765"]
[BlackRD "59"]
[GameID "148276"]

1. d4 d5 2. Nf3 Nf6 3. Bg5 e6 4. e3 Nbd7 5. Nbd2 c5 6. c3 Bd6 7. e4 dxe4 8. Nxe4 Be7 9. Nxc5 b6 10. Nxd7 Bxd7
11. Ne5 O-O 12. Bd3 Nd5 13. Bxe7 Qxe7 14. Qg4 f5 15. Qg3 Rf6 16. O-O Raf8 17. Rfe1 Be8 18. a3 Rh6 19. c4 f4 20. Qf3 Qh4
21. Ng4 Nc7 22. Nxh6+ Qxh6 23. Qb7 Rf7 24. Qxa7 Nd5 25. Qb8 Nf6 26. Rxe6 Rf8 27. Qxb6 Bg6 28. Bxg6 Qxg6 29. Qb3 Qg5 30. Re5 Qh6
31. Rae1 Ng4 32. c5+ Kh8 33. Qf7 Qxh2+ 34. Kf1 Rg8 35. Rh5
1-0

[Event "The 2008 Scotland the Brave Stromash"]
[Site "SchemingMind.com"]
[Date "2008.03.30"]
[Round "-"]
[White "opageo"]
[Black "manteca"]
[Result "1-0"]
[WhiteCountry "SCO"]
[BlackCountry "MEX"]
[WhiteElo "2109"]
[WhiteRD "96"]
[BlackElo "1463"]
[BlackRD "91"]
[GameID "148277"]

1. d4 d5 2. Nf3 Nc6 3. Bf4 Nf6 4. e3 Bg4 5. Nbd2 e6 6. c3 Bd6 7. Qb3 Rb8 8. Bg3 O-O 9. Bd3 a6 10. Qc2 Re8
11. Ne5 Bxe5 12. dxe5 Nd7 13. Bxh7+ Kf8 14. h3 Bh5 15. f4 Qe7 16. Bf2 f5 17. g4 Bf7 18. gxf5 exf5 19. Bxf5 Bh5 20. Bxd7 Qxd7
21. Qh7 Qf7 22. e4 Bg6 23. Bc5+ Ne7 24. Qh8+ Qg8 25. Qxg8+ Kxg8 26. Bxe7 Rxe7 27. exd5 Rf7 28. Rf1 Rbf8 29. e6 Rxf4 30. Rxf4 Rxf4
31. O-O-O Kf8 32. Rf1 Rxf1+ 33. Nxf1 Ke7 34. Ne3 Kd6 35. c4 c6 36. b3 b5 37. Kb2 c5 38. cxb5 axb5 39. a4
1-0

[Event "The 2008 Scotland the Brave Stromash"]
[Site "SchemingMind.com"]
[Date "2008.03.30"]
[Round "-"]
[White "opageo"]
[Black "SLAINTIE MHATH"]
[Result "1-0"]
[WhiteCountry "SCO"]
[BlackCountry "POL"]
[WhiteElo "2120"]
[WhiteRD "97"]
[BlackElo "1655"]
[BlackRD "50"]
[GameID "148278"]

1. d4 e6 2. Nf3 Nf6 3. Bg5 h6 4. Bh4 Be7 5. e3 b6 6. Bd3 Bb7 7. Nbd2 d6 8. c3 O-O 9. O-O Nbd7 10. e4 Ng4
11. Bg3 f5 12. exf5 exf5 13. Qe2 f4 14. Qe6+ Rf7 15. Bg6 Qf8 16. Bxf7+ Qxf7 17. Qxg4 fxg3 18. Qxd7 gxh2+ 19. Nxh2 Qg6 20. Nhf3 Bg5
21. Qxc7 Bxf3 22. Nxf3 Bf4 23. Rae1 Rf8 24. Qxa7 d5 25. Ne5 Qg5 26. Qxb6 Qh5 27. Qe6+ Kh8 28. Ng6+ Kh7 29. Nxf8+ Kh8 30. Ng6+ Kh7
31. Nxf4
1-0

[Event "The 2008 Scotland the Brave Stromash"]
[Site "SchemingMind.com"]
[Date "2008.04.04"]
[Round "-"]
[White "opageo"]
[Black "Swalastova"]
[Result "1-0"]
[WhiteCountry "SCO"]
[BlackCountry "SCO"]
[WhiteElo "2153"]
[WhiteRD "96"]
[BlackElo "1595"]
[BlackRD "86"]
[GameID "148279"]

1. d4 Nf6 2. Bg5 Nc6 3. Nf3 d5 4. e3 e6 5. Nbd2 Be7 6. c3 Ne4 7. Nxe4 dxe4 8. Bxe7 Qxe7 9. Nd2 f5 10. Qb3 O-O
11. O-O-O Kh8 12. Nc4 b6 13. Ne5 Nxe5 14. dxe5 a5 15. Bb5 f4 16. Bc6 Ra7 17. exf4 Rxf4 18. Qc2 Qg5 19. Qd2 Kg8 20. g3 Rg4
21. Rhe1 h6 22. Bxe4 c5 23. f4 Qe7 24. Qd8+ Qxd8 25. Rxd8+ Kf7 26. Rxc8
1-0

[Event "The 2008 Scotland the Brave Stromash"]
[Site "SchemingMind.com"]
[Date "2008.03.30"]
[Round "-"]
[White "keen"]
[Black "opageo"]
[Result "0-1"]
[WhiteCountry "SCO"]
[BlackCountry "SCO"]
[WhiteElo "1755"]
[WhiteRD "60"]
[BlackElo "2030"]
[BlackRD "107"]
[GameID "148280"]

1. d4 g6 2. Nf3 d6 3. c3 Bg7 4. g3 Nd7 5. Bg2 Ngf6 6. O-O O-O 7. Re1 e5 8. Bg5 h6 9. Bd2 e4 10. Nh4 Nb6
11. Bh1 Qe7 12. Na3 c5 13. dxc5 dxc5 14. Qc2 Rd8 15. Rad1 Bh3 16. Bg2 Bd7 17. Bh1 Ba4 18. b3 Bc6 19. Nb1 Rd7 20. Ng2 Rad8
21. Ne3 c4 22. Bc1 cxb3 23. axb3 Nbd5 24. Ba3 Nxe3 25. fxe3 Qe5 26. Bb2 Ng4 27. Qc1 Qf5
0-1

[Event "The 2008 Scotland the Brave Stromash"]
[Site "SchemingMind.com"]
[Date "2008.03.30"]
[Round "-"]
[White "tiggeronvrb"]
[Black "opageo"]
[Result "0-1"]
[WhiteCountry "SCO"]
[BlackCountry "SCO"]
[WhiteElo "1771"]
[WhiteRD "55"]
[BlackElo "2030"]
[BlackRD "107"]
[GameID "148281"]

1. e4 c6 2. Nf3 d5 3. Nc3 Bg4 4. exd5 cxd5 5. d4 e6 6. Bf4 Nc6 7. Be2 Bxf3 8. Bxf3 Qb6 9. O-O Qxd4 10. Be3 Qxd1
11. Rfxd1 Nf6 12. Nb5 Rc8 13. Bf4 a6 14. Nd6+ Bxd6 15. Bxd6 Na5 16. b3 Rxc2 17. Rdc1 Rxc1+ 18. Rxc1 Nc6 19. Kf1 Kd7 20. Ba3 e5
21. Bb2 Rd8 22. Rd1 d4 23. g3 Ke6 24. Re1 Kf5 25. Bd1 b5 26. Kg2 b4 27. h3 h5 28. f3 d3 29. Kf2 Nd5 30. g4+ hxg4
31. fxg4+ Ke6 32. Bf3 Nc3 33. Bxc6 d2
0-1

[Event "The 2008 Scotland the Brave Stromash"]
[Site "SchemingMind.com"]
[Date "2008.03.31"]
[Round "-"]
[White "manteca"]
[Black "opageo"]
[Result "0-1"]
[WhiteCountry "MEX"]
[BlackCountry "SCO"]
[WhiteElo "1463"]
[WhiteRD "91"]
[BlackElo "2109"]
[BlackRD "96"]
[GameID "148282"]

1. e4 c6 2. Bc4 d5 3. exd5 cxd5 4. Bb5+ Nc6 5. d4 Nf6 6. Nf3 Bg4 7. h3 Bxf3 8. Qxf3 Qb6 9. Nc3 Qxd4 10. O-O e6
11. Be3 Qb4 12. Rab1 a6 13. a3 Qh4 14. Bxc6+ bxc6 15. Rbd1 Bd6 16. Rd4 Qh5 17. Qxh5 Nxh5 18. b4 c5 19. bxc5 Bxc5 20. Rd3 Bxe3
21. fxe3 Ng3 22. Rb1 O-O 23. Kf2 Nh5 24. g4 Nf6 25. Rd4 Rfc8 26. Rdb4 Rxc3 27. Rb8+ Rc8 28. Rxa8 Rxa8 29. Rb7 Rc8 30. Kf3 g5
31. Ra7 Rxc2 32. Rxa6 Ne4
0-1